Library Banner

Statistics with Microsoft excel / (Record no. 125742)

MARC details
000 -LEADER
fixed length control field 00521nam a22001937a 4500
005 - DATE AND TIME OF LATEST TRANSACTION
control field 20220309110355.0
008 - FIXED-LENGTH DATA ELEMENTS--GENERAL INFORMATION
fixed length control field 220309b ||||| |||| 00| 0 eng d
020 ## - INTERNATIONAL STANDARD BOOK NUMBER
International Standard Book Number 9780321783370
040 ## - CATALOGING SOURCE
Transcribing agency PK-LaUMT
082 ## - DEWEY DECIMAL CLASSIFICATION NUMBER
Classification number 519.50285554
Item number DRE-S
100 ## - MAIN ENTRY--PERSONAL NAME
Personal name Dretzke, Beverly J.
245 ## - TITLE STATEMENT
Title Statistics with Microsoft excel /
Statement of responsibility, etc by Beverly J. Dretzke
250 ## - EDITION STATEMENT
Edition statement 5th ed.
260 ## - PUBLICATION, DISTRIBUTION, ETC. (IMPRINT)
Place of publication, distribution, etc Boston :
Name of publisher, distributor, etc Pearson,
Date of publication, distribution, etc 2013
300 ## - PHYSICAL DESCRIPTION
Extent 268 p.
650 ## - SUBJECT ADDED ENTRY--TOPICAL TERM
Topical term or geographic name as entry element Statistics-Data processing
650 ## - SUBJECT ADDED ENTRY--TOPICAL TERM
Topical term or geographic name as entry element Microsoft excel
942 ## - ADDED ENTRY ELEMENTS (KOHA)
Koha item type Books
Holdings
Withdrawn status Lost status Damaged status Home library Current library Date acquired Full call number Barcode Date last seen Price effective from Koha item type
      UMT Main Campus UMT Main Campus 2022-03-09 519.50285554 DRE-S 142074 2022-03-09 2022-03-09 Books